000 00704 a2200241 4500
005 20260422152106.0
008 260422b |||||||| |||| 00| 0 eng d
020 _a978-93-48335-88-3
037 _cTB
040 _aCRL
_cCRL
041 _2eng
_aeng
084 _aD26.41 R5
_qCRL
100 _aKakkad, Kamal
_91114113
245 _aCross-border river development by China
260 _aDelhi, India:
_bR. Sons Books,
_c2025.
300 _a276p.
365 _b1399.00
_cINR
650 _aRiver
_9247308
650 _aEngineering
650 _aWater
942 _cTB
_2CC
_hD26.41 R5
999 _c1678775
_d1678775